Sexual Orientation and the European Union
Saved in:
| Format: | Bog |
|---|---|
| Sprog: | ukendt sprog |
| Udgivet: |
Brussels
ILGA Europe
1999
|
| Tags: |
Ingen Tags, Vær først til at tagge denne postø!
|
MARC
| LEADER | 00000nam a2200000Ia 4500 | ||
|---|---|---|---|
| 001 | 178 | ||
| 003 | NUMERAZIONE-ORIGINALE-BRESCIA | ||
| 005 | 20260206230749.0 | ||
| 008 | 260206s9999 xx 000 0 und d | ||
| 245 | 0 | |a Sexual Orientation and the European Union | |
| 260 | |a Brussels | ||
| 260 | |b ILGA Europe | ||
| 260 | |c 1999 | ||
| 500 | |a A Guide | ||
| 942 | |2 ddc |c BK |n 0 | ||
| 952 | |0 0 |1 0 |2 ddc |4 0 |6 16RAC1 |7 0 |9 28374 |a BS |b BS |d 2026-02-06 |i 178 |l 0 |o 1-6-Rac-1 |r 2026-02-06 22:40:33 |w 2026-02-06 |x [REVISIONARE] |y BK | ||
| 999 | |c 24059 |d 24059 | ||